000
00286nam a2200109Ia 4500
008
190216s9999||||xx |||||||||||||| ||und||
100
_a
Prasad M K&Amp; Krishna Prasad M
245
0
_a
Pragrthi Samrekshanam
260
_b
Kerala Sastra Sahithya Parishad
650
_a
General
942
_c
BK
999
_c
25496
_d
25496